Vylykyj interes o CD popularnoj grupy Rol[l]and z Čirča

Bibliographic Details
Main Author: Lysinová, Silvia, 1975- (Author)
Format: Article
Language:Ukrainian
PhysicalDescription:Fotogr.
Subjects:

MARC

LEADER 00000nab a2200000 a 4500
001 vtls009407374
003 SK-MaSNL
005 20260318114548.0
008 081118c2008 xo mr p 000 c0ukr
015 |a SNBRB2008/11 
038 |a SVKPOCL 
040 |a SVKPOCL  |b slo  |c SVKPOCL  |e AACR2 
041 0 |a ukr 
044 |a xo  |c SK 
080 |a 785.16.071  |2 2001 
080 |a 004.085.2  |2 2001 
100 1 |a Lysinová, Silvia,  |d 1975-  |4 aut  |9 1032581 
245 1 0 |a Vylykyj interes o CD popularnoj grupy Rol[l]and z Čirča  |c [avtor] S. L. 
300 |b Fotogr. 
610 2 7 |a Rolland (hudobná skupina)  |2 svkpocl  |9 246121 
630 0 7 |a Rolland 6 - Leto (nahrávka CD)  |2 svkpocl  |9 1613562 
650 0 7 |a hudobné skupiny  |2 svkpocl  |9 3429 
650 0 7 |a kompaktné disky  |2 svkpocl  |9 1835 
651 7 |a Čirč (Slovensko)  |2 svkpocl  |9 57296 
651 7 |a Stará Ľubovňa (Slovensko : okres)  |2 svkpocl  |9 19196 
773 0 |t Info Rusyn  |g Roč. V, č. 11 (2008), s. 4 
852 |a SVKPO  |b KIS3GCP 
958 |a RN 
958 |a SK 
999 |c 3323557  |d 3325487